|
|
|
|
| LEADER |
00000nam a22000007a 4500 |
| 005 |
20201022120345.0 |
| 007 |
cr|||| ||| |
| 008 |
201022s2019 br |||||s|||| 00||0 por d |
| 020 |
|
|
|a 978-85-8248-187-5
|
| 035 |
|
|
|a 32161
|
| 040 |
|
|
|a vLex
|
| 090 |
|
|
|c 10777
|d 10777
|
| 100 |
1 |
|
|a Somlanyi Romeiro, Paulo
|
| 245 |
1 |
0 |
|a Direito Urbans̕tico
|h [Recurso electrn̤ico] :
|b entre o caos e a injustiȧ, uma reflexô sobre o Direito do Urbanismo /
|c Paulo Somlanyi Romeiro
|
| 256 |
|
|
|a Servicio en ln̕ea
|
| 260 |
|
|
|a San Pablo:
|b Letras Jurídicas Editora,
|c 2019
|
| 300 |
|
|
|a 1 recurso electrn̤ico
|
| 500 |
|
|
|a Nossa hipt̤ese inicial de pesquisa se relacionava com a ideia de um urbanismo cientf̕ico refletida na doutrina jurd̕ica, e que tanto o discurso do direito urbans̕tico como o do urbanismo se apoiavam um no outro e em suas prt̀icas para uma mt︢ua legitimaȯ̂, em um discurso circular, tautolg̤ico, ante a falta de legitimidade prp̤ria de cada um.
|
| 506 |
1 |
|
|a Disponible solo en los productos indicados
|d vLex Global
|d vLex Global (Academic Edition, excluding Law Schools)
|d vLex Global (U.S. Academic Edition, Law Schools)
|d vLex Global (U.S. Academic Edition, excluding Law Schools)
|d vLex Global (Academic Edition, Law Schools)
|
| 650 |
0 |
4 |
|a Derecho Pb︢lico y Administrativo
|z Brasil
|
| 650 |
0 |
4 |
|a Urbanismo
|z Brasil
|
| 740 |
0 |
|
|a vLex Libros (Servicio en ln̕ea)
|
| 856 |
4 |
0 |
|u http://vlex.com/source/direito-urbanistico-entre-o-caos-e-a-injusti-a-uma-reflex-o-sobre-o-direito-do-urbanismo-32161
|z Acceso restringido
|
| 942 |
|
|
|c BOOK
|
| 999 |
0 |
|
|a Public and Administrative Law
|
| 999 |
0 |
|
|a Urbanism
|